LEADER 01022nam0 22003011i 450 001 RML0267007 005 20231121125723.0 100 $a20121121d1972 ||||0itac50 ba 101 | $aita 102 $ait 181 1$6z01$ai $bxxxe 182 1$6z01$an 200 1 $aF. T. Marinetti$fdi Sandro Briosi 210 $a[Firenze] $cLa Nuova Italia $d1972 215 $a98 p.$d17 cm 225 | $a˜Il œcastoro $v34 410 0$1001RML0330537$12001 $a˜Il œcastoro $v34 606 $aMarinetti, Filippo Tommaso$2FIR$3RMLC008664$9I 676 $a809.91$9SCUOLE E MOVIMENTI LETTERARI$v21 700 1$aBriosi$b, Sandro$3RMLV171951$0132854 801 3$aIT$bIT-01$c20121121 850 $aIT-FR0017 899 $aBiblioteca umanistica Giorgio Aprea$bFR0017 912 $aRML0267007 950 0$aBiblioteca umanistica Giorgio Aprea$d 52MAG 1 COLL E 34$e 52MAG0000021155 VMB RS $fA $h20181119$i20181119 977 $a 52 996 $aF. T. Marinetti$9102708 997 $aUNICAS